|
|
|
|
| LEADER |
00000nam0a2200000 4500 |
| 001 |
34343 |
| 005 |
20231030224956.0 |
| 035 |
|
|
|a (RuTPU)RU\TPU\book\34734
|
| 035 |
|
|
|a BOOK00001385
|
| 090 |
|
|
|a 34343
|
| 100 |
|
|
|a 20011210d1982 k y0rusy50 ca
|
| 101 |
0 |
|
|a rus
|
| 102 |
|
|
|a RU
|
| 105 |
|
|
|a y z 000zy
|
| 200 |
1 |
|
|a Основы гидрогеологии: гидрогеохимия
|f под ред. С. Л. Шварцева
|
| 210 |
|
|
|a Новосибирск
|c Наука
|d 1982
|
| 215 |
|
|
|a 286 с.
|
| 330 |
|
|
|a Содержание тома посвящено анализу гидрогеохимических проблем гидрогеологии. На основе современного состояния и тенденции развития дается определение гидрогеохимии как науки о взаимодействии воды с горными породами, газами и органическим веществом. Особое внимание уделяется общей и генетической гидрогеохимии, распространению химических элементов в различных типах вод, проблеме кларков, факторам, процессам и обстановкам формирования состава и геологической роли подземной гидросферы. С современных позиций трактуются вопросы геохимического цикла воды в земной коре.Закономерности формирования состава отдельных генетических типов вод рассматриваются на основе современных представлений об их круговороте, неравновесности и обменном характере системы вода - порода - газ - органическое вещество, о масштабах и направленности ее развития (геологической истории), глубокого анализа закономерностей водной миграции химических элементов. Книга рассчитана на широкий круг гидрогеологов, геологов, геохимиков, гидрологов, студентов, аспирантов и научных работников.
|
| 610 |
1 |
|
|a геология
|
| 610 |
1 |
|
|a гидрогеохимия
|
| 610 |
1 |
|
|a вода
|
| 610 |
1 |
|
|a горные породы
|
| 610 |
1 |
|
|a газы
|
| 610 |
1 |
|
|a органические вещества
|
| 610 |
1 |
|
|a геохимические циклы воды
|
| 610 |
1 |
|
|a труды учёных ТПУ
|
| 675 |
|
|
|a 551.49
|v 3
|
| 702 |
|
1 |
|a Шварцев
|b С. Л.
|c российский гидрогеолог, доктор геолого-минералогических наук
|c профессор Томского политехнического университета, академик РАЕН
|f 1936-
|g Степан Львович
|2 stltpush
|3 (RuTPU)RU\TPU\pers\25914
|4 340
|
| 801 |
|
0 |
|a RU
|b 63413507
|c 20011210
|g PSBO
|
| 801 |
|
2 |
|a RU
|b 63413507
|c 20220315
|g PSBO
|
| 900 |
|
|
|a Общая гидрогеология
|
| 900 |
|
|
|a Нефтегазовая гидрогеология
|
| 900 |
|
|
|a Гидрогеохимия зоны гипергенеза
|
| 942 |
|
|
|c BK
|